[Event "17th TCh-Eur"]
[Site "Novi Sad SRB"]
[Date "2009.10.29"]
[Round "8"]
[White "Shengelia,D"]
[Black "Nisipeanu,LD"]
[Result "0-1"]
[WhiteElo "2560"]
[BlackElo "2664"]

1.Nf3 Nf6 2.c4 e6 3.g3 b6 4.Bg2 Bb7 5.O-O c5 6.Nc3 Be7 7.Re1 d5 8.cxd5 exd5
9.d4 O-O 10.b3 Re8 11.Bb2 Na6 12.Rc1 Bf8 13.Rc2 Nb4 14.Rd2 Ne4 15.Nxe4 dxe4
16.Nh4 Qg5 17.a3 Nd5 18.e3 Rad8 19.Qb1 Nf6 20.Red1 Ng4 21.Qc1 Rd5 22.dxc5 Rxc5
23.Rc2 Rec8 24.Rxc5 Qxc5 25.Qxc5 Rxc5 26.Rd2 Ra5 27.h3 Nh6 28.Rd7 Bc6 29.Rd8 Rd5
30.Rc8 Bd7 31.Rb8 Rd1+ 32.Kh2 f5 33.f4 b5 34.Bd4 Kf7 35.Rb7 Ke8 36.Rb8+ Kf7
37.g4 Bd6 38.Rb7 Rxd4 39.exd4 Bxf4+ 40.Kh1 Ke8 41.Nxf5 Nxf5 42.gxf5 e3 43.Kg1 Bxf5
44.Bc6+ Kd8 45.Bxb5 g5 46.Be2 h5 47.h4 Bc8 48.Rf7 Be6 49.Rh7 gxh4 50.Rxh5 h3
51.d5 Bd7 52.Bf3 Bg3 53.Be2 Bd6 54.a4 Kc7 55.Rh7 Kd8 56.Kf1 Bf5 57.Rh5 h2
58.Bf3 Bd3+ 59.Ke1 Bg3+ 60.Kd1 e2+ 61.Bxe2 Be4 62.Kd2 h1=Q 63.Rxh1 Bxh1 64.Bc4 Bd6
65.Kc3 Ke7 66.Kd4 Bb4 67.Bb5 Kd6 68.Bc6 Bg2 69.Bb7 Bc5+ 70.Kc3 Bxd5 71.Ba6 Ke5
72.Bf1 Bb4+ 73.Kc2 Be4+ 74.Kb2 Kd4 75.Bc4 Ke3 76.Kc1 Ba3+ 77.Kd1 Kd4 78.Kd2 Bb1
79.Kd1 Kc3 80.Bf7 Bc2+  0-1

[Event "Corus B"]
[Site "Wijk aan Zee NED"]
[Date "2010.01.21"]
[Round "5"]
[White "Naiditsch,A"]
[Black "Nisipeanu,LD"]
[Result "1-0"]
[WhiteElo "2687"]
[BlackElo "2681"]

1.e4 c6 2.d4 d5 3.exd5 cxd5 4.c4 Nf6 5.Nc3 e6 6.Nf3 Bb4 7.cxd5 Nxd5 8.Qc2 Nc6
9.a3 Be7 10.Bd3 h6 11.O-O O-O 12.Qe2 Qd6 13.Bc2 Bd7 14.Qd3 f5 15.Nxd5 exd5
16.g3 g5 17.Bd2 Bf6 18.h4 gxh4 19.Bf4 Qe7 20.Bxh6 Rfe8 21.gxh4 Qe4 22.Qd1 Qg4+
23.Kh2 Kh8 24.Rg1 Qh5 25.Bg5 Bg7 26.Rg3 f4 27.Rg2 Bg4 28.Bg6 Qxg6 29.Rxg4 Re4
30.Qd3 Qe6 31.Rag1 Nxd4 32.Bxf4 Rxf4 33.Rxf4 Qd6 34.Rg4 Nxf3+ 35.Qxf3 Be5
36.Kh3 Bxf4 37.Rxf4 Qe6+ 38.Rf5  1-0

[Event "40th Bosna Open"]
[Site "Sarajevo BIH"]
[Date "2010.05.08"]
[Round "4"]
[White "Bitalzadeh,A"]
[Black "Nisipeanu,LD"]
[Result "0-1"]
[WhiteElo "2420"]
[BlackElo "2672"]

1.d4 Nf6 2.c4 e6 3.Nc3 Bb4 4.e3 O-O 5.Ne2 d5 6.a3 Bd6 7.Ng3 c6 8.Be2 Re8
9.O-O Nbd7 10.b4 a5 11.b5 c5 12.dxc5 Nxc5 13.Qc2 b6 14.Bf3 Bb7 15.cxd5 exd5
16.Bb2 Rc8 17.Rad1 Nce4 18.Qb3 Qc7 19.Bxe4 dxe4 20.Na4 Re6 21.Rc1 Qb8 22.Rxc8+ Bxc8
23.Rc1 Bb7 24.Bd4 h5 25.Bxf6 Rxf6 26.Nxb6 Bxg3 27.Nd7 Bxf2+ 28.Kh1 Qd8 29.Nxf6+ gxf6
30.Rd1 Qc8 31.Qb2 Bxe3 32.Qxf6 Bd2 33.h3 e3 34.Qg5+ Kf8 35.Qxh5 Qe6 36.Qh8+ Ke7
37.Qh4+ Ke8 38.Qh8+ Ke7 39.Qh4+ Kd7 40.Kg1 Bd5 41.Qd4 e2 42.Qxd2 exd1=Q+
43.Qxd1 Qb6+ 44.Kh2 Qb8+ 45.Kg1 Qxb5 46.Qd4 Qb1+ 47.Kh2 Qe4 48.Qa7+ Ke6 49.Qb6+ Kf5
50.Qg1 a4 51.Kh1 Qe2 52.Kh2 Kg6 53.Qb6+ Kh5 54.Qg1 f5  0-1

[Event "TCh-ROU Superliga"]
[Site "Baile Herculane ROU"]
[Date "2010.09.04"]
[Round "1"]
[White "Nisipeanu,LD"]
[Black "Spasov,V"]
[Result "1-0"]
[WhiteElo "2683"]
[BlackElo "2621"]

1.e4 c5 2.Nf3 Nc6 3.d4 cxd4 4.Nxd4 Nf6 5.Nc3 e5 6.Ndb5 d6 7.Bg5 a6 8.Na3 b5
9.Nd5 Be7 10.Bxf6 Bxf6 11.c4 b4 12.Nc2 O-O 13.g3 Be6 14.h4 a5 15.Bg2 Re8
16.Qd3 Rb8 17.Bh3 Be7 18.Kf1 Qc8 19.Kg2 Bd8 20.Rad1 Qb7 21.b3 Bb6 22.Bxe6 fxe6
23.Nxb6 Qxb6 24.Rd2 Rbd8 25.Rhd1 Nb8 26.Qe3 Qc6 27.Ne1 Rd7 28.Nf3 Qc7 29.Qg5 Ree7
30.c5 dxc5 31.Rxd7 Rxd7 32.Rxd7 Nxd7 33.Qe7 h6 34.Qxe6+ Kh8 35.g4 c4 36.Qe8+ Kh7
37.g5 hxg5 38.Nxg5+ Kh6 39.Qh8+ Kg6 40.Qe8+ Kh6 41.Ne6  1-0

[Event "TCh-ROU Superliga"]
[Site "Baile Herculane ROU"]
[Date "2010.09.05"]
[Round "2"]
[White "Jianu,V"]
[Black "Nisipeanu,LD"]
[Result "0-1"]
[WhiteElo "2528"]
[BlackElo "2683"]

1.d4 Nf6 2.c4 e6 3.g3 c5 4.d5 exd5 5.cxd5 d6 6.Nc3 g6 7.Bg2 Bg7 8.Nf3 O-O
9.O-O Re8 10.Nd2 a6 11.a4 Nbd7 12.h3 Rb8 13.Nc4 Ne5 14.Na3 Nh5 15.e4 Rf8
16.Be3 f5 17.exf5 Bxf5 18.g4 Bxg4 19.hxg4 Qh4 20.f3 Nxg4 21.fxg4 Be5 22.Rf3 Qh2+
23.Kf1 Ng3+ 24.Kf2 Rxf3+ 25.Qxf3 Rf8 26.Nc4 Nh1+ 27.Kf1 Rxf3+ 28.Bxf3 Ng3+
29.Ke1 Bd4 30.Ne2 Nxe2 31.Bxe2 Qh1+ 32.Bf1 Qh4+ 33.Kd2 Qxg4 34.Ra3 Qf3 35.Bd3 Qxd5
36.a5 Bxe3+ 37.Nxe3 Qd4 38.Nc2 Qxb2 39.Bc4+ Kh8 40.Rb3 Qa2 41.Kd3 Qxa5 42.Rxb7 Qd8
43.Ne3 h5 44.Bd5 Qf6 45.Ke2 a5 46.Be4 a4 47.Nd5 Qd4 48.Kf3 a3 49.Nf4 Qf6
50.Ke3 a2 51.Nxg6+ Qxg6 52.Rb8+ Kg7  0-1

[Event "TCh-ROU Superliga"]
[Site "Baile Herculane ROU"]
[Date "2010.09.07"]
[Round "4"]
[White "Nisipeanu,LD"]
[Black "Volokitin,And"]
[Result "1/2-1/2"]
[WhiteElo "2683"]
[BlackElo "2661"]

1.e4 e5 2.Nf3 Nc6 3.Bb5 Nf6 4.O-O Nxe4 5.d4 Nd6 6.Bxc6 dxc6 7.dxe5 Nf5 8.Qxd8+ Kxd8
9.Nc3 Bd7 10.b3 Kc8 11.Bb2 a5 12.Rad1 Bb4 13.Ne2 a4 14.Nf4 Be7 15.g4 Nh4
16.Nxh4 Bxh4 17.h3 Rd8 18.e6 Bxe6 19.Nxe6 fxe6 20.Rxd8+ Kxd8 21.Bxg7 axb3
22.axb3 Ra2 23.Rd1+ Ke7 24.Rd2 Bg5 25.Re2 Bf6 26.Bxf6+ Kxf6 27.f4 c5 28.Kf2 c4
29.g5+ Kf7 30.bxc4 Ra4 31.Re4 Ra2 32.Re2 Ra4 33.Re4 Ra2 34.Kg3 Rxc2 35.Kg4 c6
36.Kh5 b5 37.cxb5 cxb5 38.Kh6 Rh2 39.Re3 Rf2 40.h4 Rxf4 41.h5 Kg8 42.Rd3 b4
43.Rd8+ Rf8 44.Rxf8+ Kxf8 45.Kxh7 b3 46.g6 b2 47.g7+ Ke7 48.g8=Q b1=Q+ 49.Qg6 Qf5  1/2-1/2

[Event "TCh-ROU Superliga"]
[Site "Baile Herculane ROU"]
[Date "2010.09.10"]
[Round "7"]
[White "Banikas,H"]
[Black "Nisipeanu,LD"]
[Result "1/2-1/2"]
[WhiteElo "2590"]
[BlackElo "2683"]

1.d4 Nf6 2.c4 e6 3.Nf3 d5 4.Nc3 Be7 5.Bg5 h6 6.Bh4 O-O 7.e3 b6 8.Bd3 Bb7
9.O-O Nbd7 10.Qe2 c5 11.Rfd1 Ne4 12.Bxe7 Qxe7 13.cxd5 exd5 14.dxc5 Nxc3  1/2-1/2

[Event "Gibraltar Masters"]
[Site "Caleta ENG"]
[Date "2011.01.30"]
[Round "6.12"]
[White "Nisipeanu,LD"]
[Black "Cabrera,Ale"]
[Result "1-0"]
[WhiteElo "2678"]
[BlackElo "2518"]

1.c4 Nf6 2.Nc3 e5 3.Nf3 Nc6 4.g3 d5 5.cxd5 Nxd5 6.Bg2 Nb6 7.O-O Be7 8.a3 O-O
9.b4 Be6 10.d3 f6 11.Bb2 Qd7 12.Ne4 Bh3 13.Bxh3 Qxh3 14.Qb3+ Kh8 15.b5 Nd8
16.Rac1 Qe6 17.Qc2 Rc8 18.d4 Nf7 19.dxe5 fxe5 20.Ned2 Bf6 21.Qb3 Rfe8 22.Qxe6 Rxe6
23.Nc4 Nxc4 24.Rxc4 c5 25.bxc6 Rexc6 26.Rb4 b6 27.Rd1 Kg8 28.Rd5 Rc5 29.Rd7 R8c7
30.Rxc7 Rxc7 31.Rb5 Nd6 32.Rd5 Nc4 33.Bxe5 Nxe5 34.Nxe5 Rc3 35.a4 Ra3 36.Nc6 Rxa4
37.Rd7 a5 38.Rb7 Rc4 39.Rxb6 a4 40.Ra6 Bb2 41.f4 Rc2 42.Kf2 a3 43.Ne5 Kf8
44.Nd3 Bd4+ 45.Kf3 a2 46.Nb4 Rxe2 47.Kxe2 a1=Q 48.Rxa1 Bxa1 49.g4 Kf7 50.Kd3 Ke6
51.Ke4 g6 52.Nc6 Bf6 53.h3 Kd6 54.Nd4 Ke7 55.Kd5 Kf7 56.Ke4 Ke7 57.Kd5 Kf7
58.Nc6 Bh4 59.Ne5+ Kf6 60.Nf3 Bg3 61.Ke4 Bf2 62.Ng5 Kg7 63.Ke5 Be3 64.Ne4 Bc1
65.f5 gxf5 66.gxf5 Kh6 67.Ke6 Kh5 68.f6 Kh4 69.Nd6 Kxh3 70.f7 Bh6 71.Nf5 Bf8
72.Kd7  1-0

[Event "Gibraltar Masters"]
[Site "Caleta ENG"]
[Date "2011.02.03"]
[Round "10.11"]
[White "Nisipeanu,LD"]
[Black "Kanep,M"]
[Result "1-0"]
[WhiteElo "2678"]
[BlackElo "2531"]

1.d4 d5 2.c4 c6 3.Nc3 Nf6 4.Nf3 a6 5.e3 b5 6.c5 g6 7.Ne5 Bg7 8.f4 O-O 9.Be2 Qc7
10.Bf3 a5 11.a3 Bf5 12.g4 Be4 13.Nxe4 Nxe4 14.Nd3 Nd7 15.Qc2 Rae8 16.h4 f6
17.g5 Rf7 18.Qg2 f5 19.h5 Nf8 20.Bd2 e6 21.Ke2 Qa7 22.Be1 Rd7 23.b4 a4 24.Bd2 Kf7
25.hxg6+ hxg6 26.Rh4 Ke7 27.Rah1 Kd8 28.Be1 Qc7 29.R1h3 Rf7 30.Qh1 Rd7 31.Kf1 Rf7
32.Kg2 Rd7 33.Bd1 Rf7 34.Be2 Rd7 35.Bf3 Rf7 36.Bd1 Rd7 37.Kf1 Rf7 38.Bf3 Rd7
39.Ke2 Rf7 40.Qh2 Rd7 41.Bd2 Rf7 42.Bc1 Nc3+ 43.Ke1 Ne4 44.Bb2 Rd7 45.Ne5 Bxe5
46.dxe5 Rg7 47.Rh8 Qf7 48.Be2 Qd7 49.Bd3 Qb7 50.Bd4 Qd7 51.R3h6 Qb7 52.Bb2 Qd7
53.Qe2 Qb7 54.Qd1 Qf7 55.Bc2 Kc8 56.Qe2 Rd8 57.Bd4 Qa7 58.Bd3 Qb7 59.Qa2 Qd7
60.Kf1 Qe7 61.Ke1 Qf7 62.Qe2 Qb7 63.Kd1 Ng3 64.Qh2 Ne4 65.Kc2 Qd7 66.Kb2 Qb7
67.Qc2 Qf7 68.Rh1 Qb7 69.R1h2 Qe7 70.Bxb5 cxb5 71.c6 Qc7 72.Qd3 Qb8 73.Rc2 Kc7
74.Bc5 Rh7 75.Rxh7+ Nxh7 76.Qd4 Re8 77.Ba7 Qa8 78.Qb6+  1-0

[Event "TCh-HUN 2010-11"]
[Site "Zalaegerszeg HUN"]
[Date "2011.04.10"]
[Round "8"]
[White "Nisipeanu,LD"]
[Black "Gyimesi,Z"]
[Result "0-1"]
[WhiteElo "2683"]
[BlackElo "2595"]

1.d4 Nf6 2.c4 e6 3.Nf3 d5 4.Nc3 dxc4 5.e4 Bb4 6.Bg5 c5 7.Bxc4 cxd4 8.Nxd4 Bxc3+
9.bxc3 Qa5 10.Bb5+ Bd7 11.Bxf6 gxf6 12.Bxd7+ Nxd7 13.O-O a6 14.Rb1 Qc7 15.Qf3 Rc8
16.Rfd1 b5 17.Ne2 Ke7 18.c4 bxc4 19.Qa3+ Qc5 20.Qxa6 Rhd8 21.Rb7 Ke8 22.Nc3 Ne5
23.Qa4+ Kf8 24.Rb5 Qc6 25.Rxd8+ Rxd8 26.h3 Kg7 27.Qc2 Rd3 28.a4 Qd6 29.Rb2 Qd4
30.Ne2 Rd1+ 31.Kh2 Nf3+ 32.Kg3 Qe5+ 33.Nf4 Rd3 34.gxf3 Qg5+ 35.Kh2 Qxf4+
36.Kg1 Qxf3 37.Rb1 c3  0-1

[Event "TCh-FRA Top 12 2011"]
[Site "Mulhouse FRA"]
[Date "2011.05.27"]
[Round "2.4"]
[White "Roos,Dan"]
[Black "Nisipeanu,LD"]
[Result "1/2-1/2"]
[WhiteElo "2389"]
[BlackElo "2659"]

1.e4 c5 2.Nc3 Nc6 3.g3 g6 4.Bg2 Bg7 5.d3 Rb8 6.f4 d6 7.Nf3 Bg4 8.Nd5 e6 9.Ne3 Bxf3
10.Qxf3 f5 11.O-O Nge7 12.c3 O-O 13.Bd2 b5 14.a3 c4 15.Qe2 cxd3 16.Qxd3 Na5
17.Rad1 Qb6 18.Kh1 Nb3 19.Nc2 Nc5 20.Qe2 Nxe4 21.Bxe4 fxe4 22.Qxe4 Qb7 23.Qxb7 Rxb7
24.Rfe1 Kf7 25.Be3 Nf5 26.Re2 a5 27.Bd4 e5 28.fxe5 dxe5 29.Bc5 Rc8 30.b4 h5
31.Kg2 Bf8 32.Bxf8 Kxf8 33.Ne3 axb4 34.axb4  1/2-1/2

[Event "TCh-FRA Top 12 2011"]
[Site "Mulhouse FRA"]
[Date "2011.05.31"]
[Round "6"]
[White "Williams,Si1"]
[Black "Nisipeanu,LD"]
[Result "1/2-1/2"]
[WhiteElo "2520"]
[BlackElo "2659"]

1.d4 Nf6 2.c4 c5 3.d5 e5 4.Nc3 d6 5.g3 Nbd7 6.Bg2 a6 7.e4 b5 8.cxb5 axb5
9.Nxb5 Ba6 10.Nc3 Be7 11.b3 O-O 12.Nge2 Qb8 13.Rb1 Bd8 14.Qc2 Ba5 15.Bd2 Qa7
16.a4 Rfb8 17.O-O Bxe2 18.Nxe2 Bxd2 19.Qxd2 c4 20.b4 Qxa4 21.Rfc1 Qb5 22.Nc3 Qb6
23.Nd1 Qc7 24.Ne3 Nb6 25.Rc3 Ra4 26.Qc2 Qa7 27.Nxc4 Ra2 28.Nb2 g6 29.Rc7 Rb7
30.Rxb7 Qxb7 31.h3 Qa7 32.Qb3 Ra3 33.Qd1 Ra2 34.Qf1 Nh5 35.Kh2 Kg7 36.Nd1 Rd2
37.Rb2 Rd4 38.Ne3 Nf6 39.Qb1 Qa4 40.Bf3 h6 41.Kg2 Qb5 42.Be2 Qd7 43.Bd3 Qa4
44.Bc2 Qa7 45.Rb3 Rd2 46.Nf1 Nc4 47.Nxd2 Nxd2 48.Qb2 Nxb3 49.Qxb3 Qd4 50.Kf3 Nd7  1/2-1/2

[Event "TCh-FRA Top 12 2011"]
[Site "Mulhouse FRA"]
[Date "2011.06.02"]
[Round "8"]
[White "Nisipeanu,LD"]
[Black "Edouard,R"]
[Result "1/2-1/2"]
[WhiteElo "2659"]
[BlackElo "2602"]

1.d4 Nf6 2.c4 g6 3.Nc3 d5 4.e3 Bg7 5.cxd5 Nxd5 6.Nxd5 Qxd5 7.Ne2 O-O 8.Nc3 Qd6
9.Be2 c6 10.O-O Nd7 11.Ne4 Qc7 12.b3 Rd8 13.Qc2 Nb6 14.Bb2 Nd5 15.Nc5 e5
16.dxe5 Bxe5 17.Rad1 b6 18.Nd3 Bxh2+ 19.Kh1 Bf5 20.Bf3 Bxd3 21.Rxd3 Be5 22.Bxe5 Qxe5
23.Qd2 Qf6 24.Rd1 Re8  1/2-1/2

[Event "TCh-FRA Top 12 2011"]
[Site "Mulhouse FRA"]
[Date "2011.06.04"]
[Round "10"]
[White "Svetushkin,D"]
[Black "Nisipeanu,LD"]
[Result "1/2-1/2"]
[WhiteElo "2561"]
[BlackElo "2659"]

1.e4 e5 2.Nf3 Nc6 3.Bb5 f5 4.Nc3 fxe4 5.Nxe4 d5 6.Ng3 Bg4 7.h3 Bxf3 8.Qxf3 Qd6
9.O-O O-O-O 10.c3 Kb8 11.d4 e4 12.Qf4 Qe6 13.Qf5 Qe8 14.Bf4  1/2-1/2

[Event "TCh-TUR 2011"]
[Site "Konya TUR"]
[Date "2011.06.28"]
[Round "1"]
[White "Nisipeanu,LD"]
[Black "Atakisi,U"]
[Result "1-0"]
[WhiteElo "2659"]
[BlackElo "2370"]

1.Nf3 Nf6 2.c4 g6 3.Nc3 d5 4.cxd5 Nxd5 5.Qc2 Nc6 6.e4 Ndb4 7.Qb1 Nd4 8.Nxd4 Qxd4
9.a3 Nc6 10.Nd5 Qe5 11.d4 Qd6 12.Bb5 Bg7 13.Bf4 e5 14.dxe5 Bxe5 15.Bxe5 Qxe5
16.f4 Qd6 17.Qc2 Be6 18.O-O-O O-O-O 19.Bxc6 bxc6 20.e5 Qxd5 21.Rxd5 Rxd5
22.Rd1 Rxd1+ 23.Kxd1 Rd8+ 24.Ke2 Kb7 25.Qc3 Rd5 26.h3 h5 27.Kf2 c5 28.Kg3 Kb6
29.Kh4 Rd4 30.Kg5 a5 31.g4 hxg4 32.hxg4 a4 33.f5 gxf5 34.gxf5 Bb3 35.Qe3 Bc4
36.Kf6 Bd5 37.Qh6 Kb7 38.Qf8 Kc6 39.Qe8+ Kb6 40.Qb8+ Kc6 41.Ke7 Bb3 42.e6 fxe6
43.Qa8+ Kb6 44.f6 e5 45.f7 Bxf7 46.Kxf7 e4 47.Qb8+ Kc6 48.Kf6 e3 49.Qe8+ Kb6
50.Qxe3 Rd6+ 51.Ke7 Rd4 52.Qf3 Rd6 53.Qa8 Rd4 54.Qb8+ Kc6 55.Qa7 Rd7+ 56.Ke8  1-0

[Event "TCh-TUR 2011"]
[Site "Konya TUR"]
[Date "2011.06.29"]
[Round "2"]
[White "Karakehajov,K"]
[Black "Nisipeanu,LD"]
[Result "1/2-1/2"]
[WhiteElo "2493"]
[BlackElo "2659"]

1.g3 c5 2.Bg2 Nc6 3.Nf3 g6 4.O-O Bg7 5.c4 e6 6.Nc3 Nge7 7.e3 O-O 8.d4 cxd4
9.Nxd4 d5 10.cxd5 exd5 11.Nb3 a5 12.a4 Qb6 13.Nb5 Rd8 14.Ra3 Nf5 15.N3d4 Ncxd4
16.exd4 Bd7 17.Rb3 Qf6 18.Be3 Bc6 19.Bd2 Bh6 20.Bc3 Ng7 21.Bh3 Bd7  1/2-1/2

[Event "TCh-TUR 2011"]
[Site "Konya TUR"]
[Date "2011.07.01"]
[Round "4"]
[White "Esen,B"]
[Black "Nisipeanu,LD"]
[Result "1/2-1/2"]
[WhiteElo "2553"]
[BlackElo "2659"]

1.d4 Nf6 2.c4 e6 3.Nf3 Bb4+ 4.Nbd2 d5 5.a3 Be7 6.e3 O-O 7.Bd3 a5 8.b3 c5
9.Bb2 a4 10.dxc5 axb3 11.O-O Na6 12.Nxb3 dxc4  1/2-1/2

[Event "TCh-TUR 2011"]
[Site "Konya TUR"]
[Date "2011.07.02"]
[Round "5"]
[White "Nisipeanu,LD"]
[Black "Inarkiev,E"]
[Result "1/2-1/2"]
[WhiteElo "2659"]
[BlackElo "2679"]

1.e4 e5 2.Nf3 Nc6 3.Bb5 a6 4.Ba4 Nf6 5.O-O Be7 6.Re1 b5 7.Bb3 d6 8.c3 O-O
9.h3 Re8 10.d4 Bb7 11.Ng5 Rf8 12.Nf3 Re8 13.Nbd2 Bf8 14.d5 Nb8 15.Nf1 Nbd7
16.Bg5 h6 17.Bh4 Be7 18.Ng3 g6 19.Qd2 Kg7 20.Rad1 Nb6 21.Bxf6+ Bxf6 22.Nf1 Bc8
23.Ne3 Bg5 24.Nxg5 Qxg5 25.Nc2  1/2-1/2

[Event "TCh-TUR 2011"]
[Site "Konya TUR"]
[Date "2011.07.04"]
[Round "7"]
[White "Savchenko,B"]
[Black "Nisipeanu,LD"]
[Result "1/2-1/2"]
[WhiteElo "2630"]
[BlackElo "2659"]

1.c4 c5 2.b3 Nc6 3.Bb2 e5 4.d3 g6 5.g3 Bg7 6.Bg2 Nge7 7.Nc3 d6 8.e3 Be6 9.Nd5 Qa5+
10.Qd2 Qxd2+ 11.Kxd2 Bxd5 12.cxd5 Nb4 13.e4 Bh6+ 14.Kc3 f5 15.Ne2 O-O 16.Rhf1 a5
17.a3 Rac8 18.Bc1 Bxc1 19.Nxc1 Na6 20.f4 exf4 21.gxf4 b5 22.Ra2 c4 23.dxc4 fxe4
24.Bxe4 a4 25.Rc2 axb3 26.Nxb3 Rxc4+ 27.Kd3 Ra4 28.Nd4 Rxa3+ 29.Ke2 Nb4 30.Rd2 Nexd5
31.Bxd5+ Nxd5 32.Nxb5 Re3+ 33.Kd1 Nxf4 34.Nxd6 g5 35.Re1 Ra3 36.Re5 h6 37.Nf5 Nd3
38.Rb5 Re8 39.Rc2 Ra1+ 40.Kd2 Ne1 41.Rc3 Ra2+ 42.Kd1 Ra1+ 43.Kd2 Ra2+ 44.Kd1 Ng2
45.Rc2 Rxc2 46.Kxc2 Ne3+ 47.Nxe3 Rxe3 48.h4 g4 49.Kd2 Re4 50.h5 Kf7 51.Rb6 g3
52.Rg6  1/2-1/2

[Event "TCh-TUR 2011"]
[Site "Konya TUR"]
[Date "2011.07.04"]
[Round "8"]
[White "Nisipeanu,LD"]
[Black "Nyzhnyk,I"]
[Result "1/2-1/2"]
[WhiteElo "2659"]
[BlackElo "2583"]

1.d4 Nf6 2.c4 g6 3.Nc3 Bg7 4.e4 d6 5.Nf3 O-O 6.h3 e5 7.d5 a5 8.Be3 Na6 9.Nd2 Nd7
10.g4 Ndc5 11.a3 Bd7 12.Rg1 Kh8 13.g5 f5 14.gxf6 Qxf6 15.Qe2 a4 16.Rg3 h6
17.O-O-O  1/2-1/2

[Event "TCh-TUR 2011"]
[Site "Konya TUR"]
[Date "2011.07.06"]
[Round "10"]
[White "Nisipeanu,LD"]
[Black "Agamaliev,G"]
[Result "1-0"]
[WhiteElo "2659"]
[BlackElo "2523"]

1.e4 e5 2.Nf3 Nc6 3.Bb5 f5 4.Nc3 fxe4 5.Nxe4 d5 6.Nxe5 dxe4 7.Nxc6 Qg5 8.Qe2 Nf6
9.Nxa7+ Bd7 10.Bxd7+ Nxd7 11.f4 Qc5 12.Nb5 Qxc2 13.d4 Bb4+ 14.Kf2 Qxe2+ 15.Kxe2 O-O
16.Nxc7 Ra5 17.Be3 Bd6 18.Ne6 Rf6 19.Ng5 Bxf4 20.Nxe4 Re6 21.Bxf4 Rxe4+ 22.Be3 Nf6
23.Kd3 Re8 24.Rhe1 Rd8 25.a4 Rad5 26.h3 Nd7 27.b4 Ne5+ 28.Kc3 Nc6 29.b5 Ne7
30.Kb3 Nf5 31.Rad1  1-0

[Event "TCh-TUR 2011"]
[Site "Konya TUR"]
[Date "2011.07.07"]
[Round "11"]
[White "Mirzoev,A"]
[Black "Nisipeanu,LD"]
[Result "1/2-1/2"]
[WhiteElo "2481"]
[BlackElo "2659"]

1.d4 e6 2.e4 c5 3.d5 exd5 4.exd5 d6 5.Nf3 a6 6.a4 Nf6 7.Nc3 Be7 8.Be2 O-O
9.O-O Re8 10.h3 Nbd7 11.Re1 b6 12.Bf4 Nf8 13.Bh2 Ng6 14.Bc4 Bd7 15.Nd2 Qc7
16.Bf1 Bf8 17.Rxe8 Nxe8 18.Nce4  1/2-1/2

[Event "TCh-TUR 2011"]
[Site "Konya TUR"]
[Date "2011.07.08"]
[Round "12"]
[White "Nisipeanu,LD"]
[Black "Paichadze,L"]
[Result "1/2-1/2"]
[WhiteElo "2659"]
[BlackElo "2489"]

1.d4 Nf6 2.c4 e6 3.Nc3 d5 4.cxd5 exd5 5.Bg5 Be7 6.e3 O-O 7.Bd3 Nbd7 8.Nge2 Re8
9.O-O Nf8 10.Kh1 c6 11.f3 Ng6 12.Qc2 Nh5 13.Bxe7 Rxe7 14.Qd2 f5 15.e4 fxe4
16.fxe4 dxe4 17.Nxe4 Be6 18.Ng5 Bd5 19.Nc3 Nf6 20.Qc2 Nf8 21.Nxd5 cxd5 22.Rac1 Qb6
23.Qc5 Qxc5 24.dxc5 a5 25.a3 N8d7 26.Bf5 Ne5 27.Kg1 h6 28.Ne6 Nc4 29.Nf4 Ne3
30.Be6+ Kh7 31.Rf3 d4 32.Ba2 Rae8 33.Bb1+ Kg8 34.Ba2+ Kh7 35.Bb1+ Kg8 36.h3 Re5
37.Ba2+ Kh7 38.Bb1+ Kg8 39.Ba2+ Kh7 40.Bb1+  1/2-1/2

[Event "TCh-TUR 2011"]
[Site "Konya TUR"]
[Date "2011.07.09"]
[Round "13"]
[White "Kilicaslan,H"]
[Black "Nisipeanu,LD"]
[Result "0-1"]
[WhiteElo "2250"]
[BlackElo "2659"]

1.d4 Nf6 2.Nf3 c5 3.Nc3 cxd4 4.Qxd4 Nc6 5.Qh4 e6 6.Bg5 Be7 7.e4 Qc7 8.O-O-O a6
9.Qg3 Qxg3 10.hxg3 Ng4 11.Bxe7 Kxe7 12.Rd2 b5 13.Nh2 Nf6 14.Bd3 Bb7 15.Re1 Ne5
16.f4 Nxd3+ 17.cxd3 Rac8 18.Rc2 h6 19.Ne2 g5 20.Rxc8 Rxc8+ 21.Kd2 Rg8 22.fxg5 Rxg5
23.Nf3 Rg8 24.Rh1 Ng4 25.Nfd4 d5 26.Rc1 Kd6 27.a4 bxa4 28.Ra1 dxe4 29.dxe4 Nf6
30.Rxa4 Nxe4+  0-1

[Event "FIDE World Cup 2011"]
[Site "Khanty-Mansiysk RUS"]
[Date "2011.08.29"]
[Round "1.2"]
[White "Kasimdzhanov,R"]
[Black "Nisipeanu,LD"]
[Result "1/2-1/2"]
[WhiteElo "2669"]
[BlackElo "2641"]

1.d4 f5 2.Nf3 Nf6 3.g3 e6 4.Bg2 Be7 5.O-O O-O 6.b3 d6 7.Bb2 Qe8 8.Nbd2 Nc6
9.e3 Bd7 10.c4 Qh5 11.Ne1 Qh6 12.Nd3 Rae8 13.d5 Nd8 14.dxe6 Nxe6 15.Nf4 c6
16.Nxe6 Bxe6 17.Nf3 Ng4 18.h3 Nf6 19.Qc2 Ne4 20.Rad1 Bc8 21.Rfe1 Bd8 22.b4 Re6
23.Nd4 Rg6 24.Ne2 Qg5 25.Nf4 Rh6 26.Bxe4 fxe4 27.Qxe4 Bf5 28.Qg2 Qe7 29.g4 Bc8
30.Nh5 Rxh5 31.gxh5 Rf5 32.h4 Qf8 33.Rd4 Bf6 34.Red1 Bxd4 35.Rxd4 Rxh5 36.Rxd6 Rxh4
37.Rd8  1/2-1/2

[Event "15th OIBM"]
[Site "Bad Wiessee GER"]
[Date "2011.11.01"]
[Round "4.2"]
[White "Nisipeanu,LD"]
[Black "Kunin,V"]
[Result "1-0"]
[WhiteElo "2638"]
[BlackElo "2549"]

1.d4 Nf6 2.c4 e6 3.Nc3 Bb4 4.e3 b6 5.Ne2 c5 6.a3 Ba5 7.Rb1 Na6 8.g3 Bb7 9.d5 b5
10.Bg2 bxc4 11.O-O O-O 12.e4 d6 13.Bg5 h6 14.Bxf6 Qxf6 15.dxe6 Qxe6 16.Qa4 Bd8
17.Nf4 Qe5 18.Rfd1 Nc7 19.Qd7 Rb8 20.Bf1 Bc8 21.Qxd6 Qxd6 22.Rxd6 Bf6 23.Rc6 Ne6
24.Nfd5 Bxc3 25.Nxc3 Rd8 26.Rd1 Rxd1 27.Nxd1 Bb7 28.Rd6 Bxe4 29.Bxc4 Nd4
30.Bd5 Bf5 31.h4 Kf8 32.Ne3 Be6 33.Bxe6 fxe6 34.b4 Nb5 35.Rxe6 cxb4 36.axb4 Nd4
37.Ra6 Rxb4 38.Rxa7 Rb5 39.Kg2 Nf5 40.Nc4 Rc5 41.Nb6 Rb5 42.Nc4 Rc5 43.Ra4 Kf7
44.h5 Ne7 45.g4 Kf6 46.Kg3 Rc6 47.Ne3 Kf7 48.Ra7 Kf8 49.f3 Rc5 50.Rd7 Rc8
51.Rd4 Rc5 52.f4 Rc3 53.Kf3 Kf7 54.Ke4 Rc1 55.Nc4 Nc6 56.Ne5+ Kf6 57.Nd3 Rc2
58.Ra4 Re2+ 59.Kf3 Rc2 60.Ra6 Ke7 61.Ke4 Re2+ 62.Kf5 Re6 63.Ra4 Rf6+ 64.Ke4 Re6+
65.Ne5 Rd6 66.Rc4 Nd8 67.Rc7+ Kf8 68.Ng6+ Kg8 69.Ne7+ Kf8 70.Nf5 Re6+ 71.Kf3 g6
72.hxg6 Rxg6 73.Kg3 Ra6 74.Rc8 Ke8 75.Rc4 Kf7 76.Kh4 Kg6 77.Ne7+ Kf7 78.Nf5 Kg6
79.Ne7+ Kf7 80.Nd5 Ra1 81.Rc7+ Ke6 82.Ne3 Kf6 83.Nd5+ Ke6 84.Ne3 Kf6 85.Rd7 Nf7
86.Nd5+ Ke6 87.Re7+ Kxd5 88.Rxf7 Rh1+ 89.Kg3 Rg1+ 90.Kf3 Rf1+ 91.Kg2 Ra1
92.Re7 Ra3 93.f5 Ra8 94.Kg3 Ra1 95.Re8 Rg1+ 96.Kf3 Rf1+ 97.Kg2 Rf4 98.Kg3 Rf1
99.Re3 Rg1+ 100.Kh4 Rh1+ 101.Rh3 Rg1 102.Kh5 Ke5 103.Ra3 Rh1+ 104.Kg6 Rg1
105.Ra5+ Kd6 106.Ra4 Rh1 107.f6 Rf1 108.f7 Ke7 109.Re4+ Kd7 110.Kg7  1-0

[Event "15th OIBM"]
[Site "Bad Wiessee GER"]
[Date "2011.11.03"]
[Round "6.3"]
[White "Nisipeanu,LD"]
[Black "Sokolov,And1"]
[Result "1/2-1/2"]
[WhiteElo "2638"]
[BlackElo "2579"]

1.e4 c5 2.Nf3 e6 3.d4 cxd4 4.Nxd4 Nf6 5.Nc3 d6 6.Be3 Nc6 7.Qd2 Be7 8.f3 O-O
9.O-O-O d5 10.Be2 Nxd4 11.Qxd4 dxe4 12.Qxd8 Rxd8 13.fxe4 Bd7 14.e5 Ne8 15.Bf3 Bc6
16.Bxc6 bxc6 17.Rxd8 Bxd8 18.Ne4 Bb6 19.Re1 f6 20.Nc5 fxe5 21.Nxe6 Nf6 22.Bxb6 axb6
23.Rxe5 Rxa2 24.Nd4 c5 25.Nf5 g6 26.Nd6 Ra1+ 27.Kd2 Rg1 28.Re2 Nd5 29.g3 Kg7
30.c3 h5 31.Kd3 Rd1+ 32.Kc4 Ne3+ 33.Rxe3 Rxd6 34.h3 Kf6 35.Kb5 Kf5 36.b4 cxb4
37.cxb4 g5 38.Ka6 Rd1 39.Kxb6 Rh1 40.b5 Rxh3 41.Kc6 h4 42.g4+ Kxg4 43.Rxh3 Kxh3
44.b6 g4 45.b7 g3 46.b8=Q g2 47.Qg8 g1=Q  1/2-1/2

[Event "15th OIBM"]
[Site "Bad Wiessee GER"]
[Date "2011.11.04"]
[Round "7.4"]
[White "Krivoborodov,E"]
[Black "Nisipeanu,LD"]
[Result "0-1"]
[WhiteElo "2505"]
[BlackElo "2638"]

1.e4 e5 2.Nf3 Nc6 3.Bb5 f5 4.d3 fxe4 5.dxe4 Nf6 6.O-O d6 7.Qd3 Be7 8.Qc4 a6
9.Ng5 Rf8 10.Bxc6+ bxc6 11.Qxc6+ Bd7 12.Qc4 Bb5 13.Qc3 Bxf1 14.Ne6 Qd7 15.Nxc7+ Kf7
16.Kxf1 Rab8 17.b4 Rfc8 18.Qb3+ d5 19.Nxd5 Nxd5 20.a3 Qb5+ 21.Kg1 Qc4 22.Qxc4 Rxc4
23.exd5 Rxc2 24.Be3 Rbc8 25.Kf1 Rc1+ 26.Bxc1 Rxc1+ 27.Ke2 e4 28.Ke3 Bf6 29.Ra2 Rxb1
30.Kxe4 Rd1 31.Rc2 Rd4+ 32.Ke3 Rxd5 33.Rc7+ Ke6 34.f4 a5 35.g4 axb4 36.axb4 Rb5
37.f5+ Kd6 38.Rc4 Kd5 39.Re4 h6 40.Kd3 Rb6 41.Rc4 Ra6 42.Rc5+ Kd6 43.Ra5 Rc6
44.Ra3 Rc1 45.Ra6+ Kd5 46.Ra5+ Kc6 47.Ke4 Rc4+ 48.Kf3 Rxb4 49.Ra7 Rb3+ 50.Kf4 Rh3
51.Ra2 Kd5 52.Ra5+ Kc4 53.Ra2 Kd3 54.Ra3+ Bc3 55.Ra2 Bd2+ 56.Ke5 Rxh2 57.Ke6 Re2+
58.Kf7 Bc3 59.Ra6 Rg2 60.Rg6 Bf6 61.Rxg7 Bxg7 62.Kxg7 h5  0-1

[Event "15th OIBM"]
[Site "Bad Wiessee GER"]
[Date "2011.11.06"]
[Round "9.1"]
[White "Graf,A"]
[Black "Nisipeanu,LD"]
[Result "1/2-1/2"]
[WhiteElo "2628"]
[BlackElo "2638"]

1.d4 Nf6 2.c4 e6 3.Nc3 Bb4 4.e3 c5 5.Ne2 cxd4 6.exd4 O-O 7.a3 Be7 8.Nf4 d6
9.Be2 e5 10.Nfd5 Nxd5 11.Nxd5 Nc6 12.dxe5 dxe5 13.O-O Be6 14.Re1 Bc5 15.Be3 Bd4
16.Bf3 Rc8 17.Qe2 Bxe3 18.Qxe3 Nd4 19.Rac1 Nxf3+ 20.gxf3 b5 21.Qxe5 Rxc4
22.Rcd1 Qh4  1/2-1/2

[Event "13th EICC"]
[Site "Plovdiv BUL"]
[Date "2012.03.21"]
[Round "2.32"]
[White "Nisipeanu,LD"]
[Black "Durarbayli,V"]
[Result "1/2-1/2"]
[WhiteElo "2643"]
[BlackElo "2543"]

1.d4 Nf6 2.Nf3 e6 3.c4 c5 4.g3 cxd4 5.Nxd4 d5 6.Bg2 e5 7.Nb3 d4 8.O-O Nc6
9.Bg5 Be7 10.e3 Bg4 11.Qd2 O-O 12.exd4 exd4 13.Bxc6 bxc6 14.Qxd4 Qc8 15.Re1 Rd8
16.Qe3 Be6 17.Nc3 h6 18.Bxf6 Bxf6 19.Ne4 Bxb2 20.Rab1 Ba3 21.Nd4 Bf8 22.Nxe6 Qxe6
23.Qc3 Rab8 24.Nc5 Qf5 25.Rxb8 Rxb8 26.Nb3 Rd8 27.Qa5 Qd3 28.Re3 Qb1+ 29.Re1 Qd3
30.Re3 Qb1+ 31.Re1 Qd3  1/2-1/2